Statistiques concernant Évêchés de France en l'an mil sur une carte

Cliquez ici pour prendre le quiz!

Statistiques générales

  • Ce quiz a été pris 2 007 fois
    (1 806 depuis la dernière actualisation)
  • Le résultat moyen est 52 sur 119

Réponses sur la Carte

Les réponses sont colorées sur une échelle allant du rouge au vert en fonction du pourcentage des utilisateurs qui les ont devinées à leur premier essai. Vous pouvez retrouver ces pourcentages ci-dessous.
Chargement ...
 

Statistiques - réponses

Évêché% Correct
Paris
98%
Bordeaux
94%
Marseille
93%
Toul
93%
Lyon
91%
Nantes
91%
Nice
91%
Strasbourg
90%
Toulouse
90%
Rennes
88%
Rouen
83%
Tours
82%
Orléans
81%
Cornouaille
80%
Clermont
79%
Reims
79%
Toulon
77%
Metz
76%
Grenoble
75%
Avignon
75%
Poitiers
74%
Nîmes
73%
Angers
73%
Limoges
73%
Vannes
72%
Amiens
72%
Saint-Malo
71%
Genève
69%
Le Mans
69%
Aix
68%
Besançon
67%
Carcassonne
66%
Chartres
66%
Bourges
63%
Bayonne
63%
Auxerre
62%
Troyes
62%
Saint-Brieuc
62%
Valence
60%
Narbonne
58%
Angoulême
57%
Arras
56%
Gap
55%
Béziers
55%
Agen
54%
Rodez
54%
Albi
54%
Tarbes
54%
Nevers
53%
Châlon-sur-Sâone
52%
Arles
52%
Périgueux
52%
Beauvais
51%
Évreux
49%
Lausanne
47%
Cahors
46%
Auch
46%
Mende
46%
Laon
46%
Dax
45%
Saintes
42%
Mâcon
41%
Orange
41%
Le Puy
40%
Digne
38%
Verdun
37%
Bayeux
37%
Bâle
35%
Sens
34%
Avranches
34%
Lisieux
33%
Vienne
33%
Soissons
32%
Châlons-en-Champagne
30%
Antibes
30%
Fréjus
29%
Meaux
28%
Cambrai
27%
Dol
24%
Coutances
24%
Maurienne
23%
Carpentras
23%
Agde
23%
Aoste
21%
Die
21%
Autun
20%
Langres
20%
Senlis
19%
Apt
18%
Sion
18%
Oloron
17%
Tournai
17%
Saint-Pol-de-Léon
16%
Uzès
15%
Saint-Paul-Trois-Châteaux
15%
Embrun
14%
Sisteron
14%
Lodève
13%
Sées
13%
Cavaillon
12%
Tréguier
12%
Noyon
10%
Tarentaise
10%
Belley
9%
Vaison
9%
Viviers
8%
Aire
8%
Vence
7%
Elne
7%
Comminges
6%
Lescar
6%
Maguelone
6%
Thérouanne
6%
Bazas
6%
Lectoure
5%
Riez
5%
Glandèves
4%
Couserans
4%
Senez
4%

Distribution des résultats

Percentile par nombre de réponses

% des personnes avec chaque résultat

Votre développement - résultats

Vous n’avez pas pris ce quiz depuis la dernière actualisation